La televisión en Guadalajara : génesis y desarrollo /

保存先:
書誌詳細
第一著者: Aceves González, Francisco de Jesús (autor)
フォーマット: 図書
言語:スペイン語
出版事項: Guadalajara, México : Universidad de Guadalajara, 1987, c1987
タグ: タグ追加
タグなし, このレコードへの初めてのタグを付けませんか!

MARC

LEADER 00000nam^a2200000^a^4500
001 000590058
005 20250521000000.0
009 20260310132901.682
037 |a Acervo ITESO - Biblioteca 
041 |a ESP 
091 |a FCR. 00621 
100 |a Aceves González, Francisco de Jesús  |e (autor) 
245 1 3 |a La televisión en Guadalajara :  |b génesis y desarrollo / 
264 4 |a Guadalajara, México :  |b Universidad de Guadalajara,  |c 1987, c1987 
300 |a 75 p. 
336 |a texto  |b txt  |2 rdacontenido 
337 |a sin mediación  |b n  |2 rdamedio 
338 |a volumen  |b nc  |2 rdasoporte 
649 |a XX 
910 |a Fondo Cristina Romo Gil 
920 |a Impresos - Libros 
930 |a Fondos Especiales 
905 |a 143 
901 |a 1100031286  |b IT2  |c ESP  |i D122897  |u 20250521 
902 |a https://opac.biblio.iteso.mx/vufind/Record/000590058